Second language teaching and learning

I tiakina i:
Ngā taipitopito rārangi puna kōrero
Kaituhi matua: Nunan, David (Author)
Hōputu: Pukapuka
Reo:Ingarihi
I whakaputaina: Boston Heinle and Heinle Publishers 1999
Ngā marau:
Ngā Tūtohu: Tāpirihia he Tūtohu
Kāore He Tūtohu, Me noho koe te mea tuatahi ki te tūtohu i tēnei pūkete!

MARC

LEADER 00000cam a2200000 a 4500
001 UCF3927
003 CL-VaPUC
008 121108e19990000US |||||||||||||||||eng|d
020 |a 0838408389 
082 0 4 |a 418.007  |b NUN  |2 21 
100 |a Nunan, David  |e author  |9 565573 
245 1 0 |a Second language teaching and learning 
300 |a 330 p 
942 |c BK 
945 |d 20121108 00:00:00  |a dcastane 
260 |a Boston  |b Heinle and Heinle Publishers  |c 1999 
650 0 |a Aquisición de segundo lenguaje   |9 464787 
650 0 |a Enseñanza de idiomas  |9 339820 
650 0 |a Métodos de enseñanza  |9 270413 
650 0 |a Estudio y enseñanza  |9 270395 
583 |a last modification  |c 20121108 11:12:00  |k Rodrigo Vera 
999 |c 349963  |d 349961 
952 |0 0  |1 0  |4 0  |6 418_007000000000000_NUN_1999  |7 0  |8 A  |9 452861  |a BIBEDU  |b BIBEDU  |c ES_NOD  |d 2019-11-22  |i 4922093  |l 1  |o 418.007 NUN 1999  |p 4922093  |r 2023-08-09  |s 2023-04-26  |w 2019-11-22  |y BK  |k LIT